Indikátory trvale udržateľného rozvoja cestovného ruchu

Vo februári 1999 sa v Maďarsku uskutočnila medzinárodná konferencia na tému: Ukazovatele trvale udržateľného rozvoja cestovného ruchu pre krajiny východnej Európy. Rastúce problémy vzájomného vzťahu cestovného ruchu a životného prostredia a ich dôsledky. Komisia pre životné prostredie WTO zostavila...

Full description

Saved in:
Bibliographic Details
Main Author: Obdržálek, Vladimír
Format: Book Chapter
Language:Slovak
Subjects:
Tags: Add Tag
No Tags, Be the first to tag this record!

MARC

LEADER 00000naa a2200000 4500
001 r035764
005 20230426124600.2
041 0 |a slo 
044 |a SK 
245 1 0 |a Indikátory trvale udržateľného rozvoja cestovného ruchu  |c Vladimír Obdržálek 
520 |a Vo februári 1999 sa v Maďarsku uskutočnila medzinárodná konferencia na tému: Ukazovatele trvale udržateľného rozvoja cestovného ruchu pre krajiny východnej Európy. Rastúce problémy vzájomného vzťahu cestovného ruchu a životného prostredia a ich dôsledky. Komisia pre životné prostredie WTO zostavila komplex medzinárodne prijateľných ukazovateľov trvale udržateľného rozvoja CR. 
610 2 0 |a ruch cestovný 
610 2 0 |a rozvoj trvalo udržateľný 
610 2 0 |a regióny 
610 2 0 |a pracovníci riadiaci 
610 2 0 |a Slovensko 
610 2 0 |a WTO 
610 2 0 |a SVE 
610 2 0 |a konferencie 
100 1 |a Obdržálek, Vladimír